CONSTRUCTION CONTRACTING / (Record no. 587250)
[ view plain ]
| 000 -LEADER | |
|---|---|
| fixed length control field | 00375nam a22001337a 4500 |
| 040 ## - CATALOGING SOURCE | |
| Transcribing agency | FIZZA ISHAQ |
| 082 ## - DEWEY DECIMAL CLASSIFICATION NUMBER | |
| Classification number | 692.8 |
| Author Mark | RIC |
| 100 ## - MAIN ENTRY--PERSONAL NAME | |
| Personal name | SCARS, A. GLEMN CLOUGH H. RICHARD. |
| 9 (RLIN) | 86135 |
| 245 ## - TITLE STATEMENT | |
| Title | CONSTRUCTION CONTRACTING / |
| Statement of responsibility, etc. | RICHARD H. SCARS, A. GLEMN CLOUGH . |
| 250 ## - EDITION STATEMENT | |
| Edition statement | 8th ED. |
| 260 ## - PUBLICATION, DISTRIBUTION, ETC. | |
| Place of publication, distribution, etc. | CANADA : |
| Name of publisher, distributor, etc. | JHON WILEY SON, |
| Date of publication, distribution, etc. | 2015. |
| 300 ## - PHYSICAL DESCRIPTION | |
| Extent | 341 P. ; |
| 942 ## - ADDED ENTRY ELEMENTS (KOHA) | |
| Source of classification or shelving scheme | |
| Koha item type | Book |
| Withdrawn status | Lost status | Source of classification or shelving scheme | Damaged status | Not for loan | Permanent Location | Current Location | Date acquired | Total Checkouts | Full call number | Date last seen | Copy number | Price effective from | Koha item type |
|---|---|---|---|---|---|---|---|---|---|---|---|---|---|
| NUST Baluchistan Campus (NBC) | NUST Baluchistan Campus (NBC) | 12/08/2021 | 692.8 RIC | 12/08/2021 | Q-2143 | 12/08/2021 | Book |
